Statistics for Match the Population of the Us to the Year 1955-2022

Click here to take the quiz!

General Stats

  • This quiz has been taken 24 times
  • The average score is 11 of 15

Answer Stats

PopulationYear% Correct
186,720,5711960
86%
199,733,6761965
79%
294,993,5112005
79%
309,011,4752010
79%
320,878,3102015
79%
331,002,6512020
79%
334,976,9992022
79%
171,685,3361955
71%
209,513,3411970
71%
219,081,2511975
71%
229,476,3541980
71%
240,499,8251985
71%
252,120,3091990
71%
265,163,7451995
71%
281,710,9092000
71%

Score Distribution

Percentile by Number Answered

Percent of People with Each Score

Your Score History

You have not taken this quiz